Illinois Interstates - Sudden Death - Statistics

General Stats
  • This quiz has been taken 46 times
  • The average score is 7 of 12
Answers on the Grid
Answers color-coded by a green-red scale on the quiz's grid according to % correct below.
I-1
I-10
I-24
I-39
I-40
I-55
I-57
I-64
I-69
I-70
I-72
I-74
I-75
I-80
I-88
I-90
I-94
I-95
 
Answer Stats
Answer % Correct
I-90
81%
I-55
72%
I-80
69%
I-94
69%
I-64
66%
I-39
63%
I-57
56%
I-70
56%
I-88
56%
I-74
53%
I-72
50%
I-24
44%
No matching quizzes found
Score Distribution
Percent of People with Each Score
Percentile by Number Answered
Your Score History
You have not taken this quiz